| 000 | 00765 a2200217 4500 | ||
|---|---|---|---|
| 999 |
_c9333 _d9333 |
||
| 020 | _a9780702174094 | ||
| 050 | 0 | 0 | _aKTL746 KER 2006 |
| 100 | 1 |
_aKernick, L. A. _eauthor |
|
| 245 | 1 | 0 |
_aAdministration of estates & drafting of wills / _cL.A. Kernick. |
| 250 | _a3rd ed. | ||
| 264 |
_aCape town: _bJuta., _c2006 |
||
| 300 |
_avii, 346 p. : _bforms ; |
||
| 500 | _a"Expanded third edition of Administration of deceased estates." | ||
| 500 | _aIncludes index. | ||
| 650 | 0 | _aDecedents' estates | |
| 650 | 0 | _aExecutors and administrators | |
| 650 | 0 | _aWills | |
| 700 | 1 |
_aKernick, L. A. _tAdministration of deceased estates. |
|
| 942 |
_2lcc _cBK _h746 _iKER _kKF |
||